00219nam a2200097Ia 4500008004100000041000800041082001700049100001900066245002700085260000900112240625s9999 xx 000 0 und d aeng a332.6457 PRI aPRING MARTIN J aBREAKING THE BLACK BOX c2008